La rebelión de las masas /
Guardado en:
| Autor Principal: | |
|---|---|
| Formato: | Libro |
| Idioma: | Undetermined |
| Publicado: |
Buenos Aires :
Orbis : Hyspamerica,
1984.
|
| Edición: | 1a ed. |
| Series: | Historia del Pensamiento
|
| Materias: | |
| Etiquetas: |
Agregar Etiqueta
Sin Etiquetas, Sea el primero en etiquetar este registro!
|
| LEADER | 00593nam a22001935a 4500 | ||
|---|---|---|---|
| 001 | CEM.cems024988 | ||
| 008 | 251113s1984####ag############000#0#und#d | ||
| 005 | 20251113145515.0 | ||
| 245 | 1 | 0 | |a La rebelión de las masas / |c José Ortega y Gasset. |
| 250 | |a 1a ed. | ||
| 260 | |a Buenos Aires : |b Orbis : |b Hyspamerica, |c 1984. | ||
| 300 | |a 205 p. | ||
| 490 | 1 | |a Historia del Pensamiento | |
| 020 | |a 9506140782 | ||
| 100 | 1 | |a Ortega y Gasset, José. | |
| 653 | |a Literatura española | ||
| 653 | |a Ensayo español | ||
| 653 | |a Sociología | ||
| 859 | |a CEMS |b BIB. CEMS - 11 de abril |h 864.6 |i Or1-3a1 |p 30517.25 |t Ej.1 | ||
